L'Île-de-France par images - Statistiques

Statistiques générales
  • Ce quiz a été pris 620 fois
  • Le résultat moyen est 12 sur 16
Statistiques - réponses
Par images Hint Réponse % Correct
Capitale régionale Paris
100%
Plus grand aéroport français Aéroport de Roissy-Charles-de-Gaulle
96%
Ville Versailles
96%
Quartier d'affaire La Défense
95%
Évènement Jeux Olympiques 2024
92%
Réseau de transport RATP
92%
Présidente de région Valérie Pécresse
86%
Marché international Marché de Rungis
71%
Institution Assemblée nationale
68%
Princesse Diana Spencer
66%
Hippodrome Hippodrome de Longchamp
61%
Fromage Brie de {Meaux}
60%
Pièce Galerie des Glaces
60%
Basilique Basilique Saint-Denis
52%
Gâteau Opéra
48%
Ville Fontainebleau
36%
Aucun quiz correspondant
Distribution des résultats
% des personnes avec chaque résultat
Percentile par nombre de réponses
Votre historique - résultats
Vous n’avez pas pris ce quiz